مكتبة جامعة عجلون الوطنية

فهرس بحث المكتبة

Normal view MARC view
  • قصص مترجمة - التايتانيك

Entry Topical Term

Number of records used in: 1

001 - CONTROL NUMBER

  • control field: 13515

003 - CONTROL NUMBER IDENTIFIER

  • control field: JO-AjAnu

005 - DATE AND TIME OF LATEST TRANSACTION

  • control field: 20230606072448.0

008 - FIXED-LENGTH DATA ELEMENTS

  • fixed length control field: 230606|| aca||aabn | a|a d

040 ## - CATALOGING SOURCE

  • Original cataloging agency: JO-AjAnu
  • Transcribing agency: JO-AjAnu

150 ## - HEADING--TOPICAL TERM

  • Topical term or geographic name entry element: قصص مترجمة - التايتانيك

670 ## - SOURCE DATA FOUND

  • Source citation: Work cat.: (JO-AjAnu)6953: تأليف لورد،والتر ؛ ترجمة حسين القباني , author 13514, ليلة لا تنسى قصة غرق الباخرة (تيتانيك)